Using the Internet <The> Ultimate Guide to Getting Connected and Productive on the World's Largest Network!
Salvato in:
| Autore principale: | |
|---|---|
| Altri autori: | , |
| Natura: | Libro |
| Lingua: | inglese |
| Pubblicazione: |
Indianapolis
Que
1994
|
| Edizione: | Special ed. |
| Soggetti: | |
| Tags: |
Nessun Tag, puoi essere il primo ad aggiungerne!!
|
MARC
| LEADER | 00000nam a2200000 4500 | ||
|---|---|---|---|
| 001 | c010244 | ||
| 005 | 20221214075032.1 | ||
| 020 | |a 1-56529-353-3 | ||
| 041 | 0 | |a eng | |
| 044 | |a US | ||
| 245 | 1 | 0 | |a Using the Internet |b <The> Ultimate Guide to Getting Connected and Productive on the World's Largest Network! |c William A. Tolhurst, Mary Ann Pike, Keith A. Blanton |
| 250 | |a Special ed. | ||
| 264 | 1 | |a Indianapolis |b Que |c 1994 | |
| 300 | |a 1188 s. | ||
| 610 | 2 | 0 | |a siete počítačové |
| 610 | 2 | 0 | |a hardvér |
| 610 | 2 | 0 | |a softvér |
| 610 | 2 | 0 | |a služby informačné |
| 610 | 2 | 0 | |a internet |
| 100 | 1 | |a Tolhurst, Wiliam A. | |
| 700 | 1 | |a Pike, Mary Ann | |
| 700 | 1 | |a Blanton, Keith A. | |